Los idiomas ante el Tribunal Constitucional / (Record no. 100140)

MARC details
000 -LEADER
campo de control de longitud fija 00574nam a2200181 i 4500
001 - NÚMERO DE CONTROL
campo de control 100140
003 - IDENTIFICADOR DE NÚMERO DE CONTROL
campo de control ES-MaACL
005 - FECHA Y HORA DE LA ÚLTIMA TRANSACCIÓN
campo de control 20250915063046.0
007 - CAMPO FIJO DE DESCRIPCIÓN FÍSICA--INFORMACIÓN GENERAL
campo de control de longitud fija t|
008 - DATOS DE LONGITUD FIJA--INFORMACIÓN GENERAL
campo de control de longitud fija 050922s1986 sp ||||1| spa d
100 1# - ENTRADA PRINCIPAL--NOMBRE DE PERSONA
Nombre de persona Martínez Val, José María,
Fechas asociadas al nombre 1916-
9 (RLIN) 78455
245 14 - MENCIÓN DEL TÍTULO
Título Los idiomas ante el Tribunal Constitucional /
Mención de responsabilidad, etc. por José María Martínez Val.
260 ## - PUBLICACIÓN, DISTRIBUCIÓN, ETC.
Lugar de publicación, distribución, etc. Valencia :
Nombre del editor, distribuidor, etc. [s.n.],
Fecha de publicación, distribución, etc. 1986.
300 ## - DESCRIPCIÓN FÍSICA
Extensión 3 h. ;
Dimensiones 24 cm.
500 ## - NOTA GENERAL
Nota general Separata de : Revista General de Derecho, 1986, nº 504.
852 ## - LOCALIZACIÓN
Ubicación ES-MaACL
Número de control de estantería 2142-F-4
Sublocalización o colección R.114690
Holdings
Estatus retirado Estado de pérdida Estado de daño No para préstamo Colección Biblioteca de origen Biblioteca actual Ubicación en estantería Fecha de adquisición Fuente de adquisición Total de préstamos Signatura topográfica completa Código de barras Visto por última vez Precio de reemplazo Tipo de ítem Koha
        Colección de folletos Biblioteca del Ateneo de Madrid Biblioteca del Ateneo de Madrid Depósito folletos 17/01/2008     2142-F-4 1104566 23/02/2023 23/02/2023 Folleto